000 00812nam a2200217 i 4500
001 188497
003 ES-MaACL
005 20251019063059.0
008 181211s1931 fr |||| | fre d
100 1 _aDostoievski, Fiódor,
_d1821-1881
_9242371
245 1 0 _aCrime et châtiment /
_cde Dostoïevski ; traduit par D. Ergaz. Suivi du Journal de Raskolnikov / traduit par V. Pozner.
260 _aParis : Nouvelle Revue Française,
_c1931.
300 _a2 vol. (425, 387 p.) ;
_c23 cm.
490 1 _aOeuvres complètes de Dostoïevski
500 _aExemplaire sur "Chiffon de Bruges", nº 750.
700 0 _aPozner, Vladimir.
_993532
700 1 _aErgaz, Doussia.
_9165740
830 0 _aOeuvres complètes de Dostoïevski
_9193063
852 _aES-MaACL
_jC-22183-84
999 _c188497
_d188497